Súčasné akreditované formy prípravy a ďalšieho vzdelávania učiteľov - ekonómov
Gespeichert in:
| 1. Verfasser: | |
|---|---|
| Format: | Buchkapitel |
| Sprache: | Slowakisch |
| Schlagworte: | |
| Tags: |
Keine Tags, Fügen Sie das erste Tag hinzu!
|
MARC
| LEADER | 00000naa$a2200000$$$4500 | ||
|---|---|---|---|
| 001 | 0051048 | ||
| 005 | 20240502071607.0 | ||
| 041 | 0 | |a slo | |
| 044 | |a SK | ||
| 245 | 1 | 0 | |a Súčasné akreditované formy prípravy a ďalšieho vzdelávania učiteľov - ekonómov |
| 610 | 2 | 0 | |a vzdelávanie |
| 610 | 2 | 0 | |a školy |
| 610 | 2 | 0 | |a univerzity |
| 610 | 2 | 0 | |a štúdium bakalárske |
| 610 | 2 | 0 | |a štúdium inžinierske |
| 610 | 2 | 0 | |a štúdium doktorandské |
| 610 | 2 | 0 | |a kurzy |
| 610 | 2 | 0 | |a ekonómovia |
| 100 | 1 | |a Šlosár, Rudolf | |